000 00536nam a22001697a 4500
005 20231027132659.0
008 231027b |||||||| |||| 00| 0 eng d
020 _a0702119113
041 _aEnglish
082 _a657 FAU
100 _aFaul MA, Blom CP and Morgan JA
_lEnglish
245 _aBasic Accounting For Attorneys /
_cMA Faul, CP Blom and JA Morgan
260 _aCape Town :
_bJuta & Company Ltd,
_c1987
300 _b281 pages ;
_c25,5 cm.
650 _aLegal practice
_bLaw
942 _cBK
_6ALISON_BN_VRIES
999 _c122
_d122